000 00584nam a2200181Ia 4500
001 2938
005 20260306144844.0
008 260306t2015||||xx |||||||||||||| ||spa||
041 _aESP
082 _a234
_bP79
100 _aFrancisco
_eAUT
245 0 _aLaudato si:
_bcarta encìclica del sumo pontìfice Francisco a los Obispos, a los Presbíteros y a los Diácanos, a las personas consagradas y a todos los fieles laicos sobre el cuidado de la casa común
260 _c2015
300 _a191 páginas :
_c20 cm.
650 _aGEN
654 _aCHU
942 _cLIB
_dJUS
_fJUS
_2ddc
_n
999 _c2938
_d2938